=LDR 00000nam 2200000 4500 =001 INLIS000000000034883 =005 20130612140756 =008 ***********************************ind** =035 ##$$0010-061300000034883 =041 ##$$a ind =082 ##$$a 372.3 =090 ##$$a 372.3, Tri p =100 ##$$a Trimasyah, Bambang =245 ##$$a Peristiwa ajaib/Bambang Trimasyah =250 ##$$a Seri Sains Pemula =260 ##$$a [20...] $b Bogor =300 ##$$a 32 hlm., Ilus., 25 cm =650 ##$$a Sains ( Pendidikan Dasar) =850 ##$$a NBPNMAT =990 ##$$a 0001/BPAP-NTB/20142014 =990 ##$$a 0001/BPAP-NTB/20142015